000 00575nam a2200229Ia 4500
001 dia_7651
003 CHAP
008 220117s1962 xx 000 0 und d
010 _a178235
040 _cCHAP
090 _aF 909 1962
110 _aSecretaria de Economía
_9103545
245 _aNorma oficial para harina de trigo
260 _aMéxico :
_b Secretaria de Economía,
_c1962
300 _a13 p.
901 _aF 909 1962
902 _aM
905 _a0000001962 mx 0000000000spa00
942 _c12
942 _c12
999 _c178235
_d178235